| 000 | 00371nam a2200145Ia 4500 | ||
|---|---|---|---|
| 005 | 20251222152638.0 | ||
| 008 | 251222s9999||||xx |||||||||||||| ||spa|| | ||
| 020 | _a9789972234163 | ||
| 082 | _a382.098.5/G67 | ||
| 100 | _aGonzales Montenegr, Yanina | ||
| 245 | 0 | _aGuía para Importar y Exportar | |
| 250 | _a1ra.ed. | ||
| 264 | _bPacifico Editores S.A. | ||
| 942 | _cLIB | ||
| 999 |
_c28005 _d28005 |
||